Differential Equations of Applied Mathematics

Αποθηκεύτηκε σε:
Λεπτομέρειες βιβλιογραφικής εγγραφής
Κύριος συγγραφέας: Duff, G. F. D.
Άλλοι συγγραφείς: Naylor, D.
Μορφή: Βιβλίο
Γλώσσα:English
Δημοσίευση: New York : Wiley, 1966
Θέματα:
Ετικέτες: Προσθήκη ετικέτας
Δεν υπάρχουν, Καταχωρήστε ετικέτα πρώτοι!

MARC

LEADER 00000nam a2200000 i 4500
001 1/36505
008 941103s1966 eng d
035 |a 1992  |c ΔΩΡΕΑ  |l 10040258 
040 |a GR-MY-UA  |b gre  |e aacr 
041 0 |a eng 
082 0 |a 515.35 
100 1 |a Duff, G. F. D. 
245 1 0 |a Differential Equations of Applied Mathematics /  |c G.F.D. Duff and D. Naylor 
260 |a New York :   |b Wiley,   |c 1966 
300 |a 423 p.;  |c 24 cm.+ 
500 |a Includes bibliographical references and index. 
650 0 0 |a Differential equations. 
700 1 |a Naylor, D. 
852 |a INST  |b SAMOS  |e 19941103  |h 515.35 DUF  |p 005300002740  |q 005300002740  |t BK  |y 0 
909 |a Σ  |b 023220